| 000 | 00485nam a22001697a 4500 | ||
|---|---|---|---|
| 008 | 250411b |||||||| |||| 00| 0 eng d | ||
| 020 | _a9789671227008 | ||
| 082 |
_a658.4 Muh _b- _cVol 1 |
||
| 100 | _aShireen Muhiudeen | ||
| 245 |
_aGovernance matters _c/ Muhiudeen Shireen |
||
| 260 |
_aKuala Lumpur _bCarston-Smith Asset Management Sdn Bhd _c2013 |
||
| 365 | _bGift | ||
| 490 | _aVol 1 | ||
| 600 | _aIndustrial management | ||
| 600 | _a Corporate governance | ||
| 942 |
_2ddc _cBK |
||
| 999 |
_c70003 _d69993 |
||